| 000 | 01224 a2200217 4500 | ||
|---|---|---|---|
| 005 | 20080825142521.0 | ||
| 008 | 080825t xxu||||| |||| 00| 0 hin d | ||
| 010 | _aHIN-83022 | ||
| 020 |
_c150.00 _a8189133411 |
||
| 035 | _aHN-55368 | ||
| 037 | _bपु.प्र.अ.प्र/प्रका | ||
| 082 | _a821 | ||
| 100 | _aयजुर्वेदी, वेद प्रकाश | ||
| 245 |
_aतुम कर दो संकेत / _cवेद प्रकाश यजुर्वेदी |
||
| 246 |
_aTum kar do sanket _bby Ved Prakash Yajurvedi |
||
| 260 |
_aगाजियाबाद _bअनुभव प्रकाशन _c2006 |
||
| 270 |
_aई-28, लाजपत नगर, साहिबाबाद _bगाजियाबाद _e201005 _k0120- 4112210, 2630699, 2635277 मो. 9811279368, 9911179368 _mpbdjpr@rediffmail.com _c(उ.प्र.) _lanubhavprakashan@gmail.com |
||
| 300 |
_a160पृ _c22सेमी (सजिल्द) |
||
| 942 |
_adpl _cHN _k821 / यजुर्वे _2ddc _h821 _mयजुर्वे |
||
| 999 |
_c11508 _d11508 |
||